1914 1292 1047 1493 1783 1165 1671 1127 1952 1061 1261 1809 1257 1431 1490 1110 1325 1835 1253 1455 1223 1406 1241 1256 1703 1481 1563 1752 1211 1450 1581 1105 1964 1278 1267 1252 1353 1385 1192 1787 1958 1860 1556 1340 1793 1469 1352 1279 1514 1532 1290 1272 1443 1238 1298 1531 1291 1776 1000 1616 1908 1167 1660 1576 1003 1956 1892 1938 1885 1971 1200 1438 1892 1340 1330 1686 1040 1498 1300 1875 1181 1598 1057 1409 1712 1124 1882 1403 1776 1665 1699 1344 1205 1439 1917 1810 1144 1171 1945 BCNSPRNW ULIB Ver.6.0+V

เปลี่ยนเป็นภาษาไทย

Change to English
 แสดงรายละเอียดบรรณานุกรม
  กลับหน้าหลัก

Brief Record : Get Marc (ISO 2709) : E-mail record : QR code < ปิดหน้าต่าง
LEADER : 00000nam 2200000uu 4500
001    13399128881
003     ULIB
008    241024s2023||||th 000 0 tha d
020    ^a9781265239428
060 04 ^aWM100^bW579a
100 1  ^aWhitbourne, Susan K.
245 10 ^aAbnormal psychology :^bclinical perspectives onpsychological disorders /^cSusan Krauss Whitbourne
250    ^a10th ed.
260    ^aNew York, N.Y. :^bMcGraw-Hill Education,^c2023
300    ^axx, 370, [62] p. :^bcol. ill. ;^c28 cm.
504    ^aIncludes bibliographical references and index
650  2 ^aPsychology, Medical
650  2 ^aAbnormal psychology
650  2 ^aMental disorders
650  2 ^aPsychology, Pathological
650  2 ^aSocial behavior disorders
945    ^p1402^l0^i011128
999    ^aประนอม เกษจรัล
รายการนี้ยังไม่มีแท็ก
คุณยังไม่ได้ล็อกอิน คุณสามารถมีกิจกรรมร่วมกับเว็บไซต์ได้ แต่ต้องล็อกอินก่อน ::
  ล็อกอิน

รายการสื่อสารสนเทศ

ลำดับที่ ประเภท เลขเรียก/บาร์โค้ด สถานที่ สถานะ
1. วิทยาศาสตร์การแพทย์ และสุขภาพ
หนังสือสำรอง
สถานะ=หนังสือสำรอง
WM100 W579a ฉ.1 
  Barcode: 011128
ห้องสมุดวิทยาเขตสวรรค์ประชารักษ์
►หนังสือทั่วไป
บนชั้น

รายการใกล้เคียง
    หัวเรื่อง [Mental disorders]
    หัวเรื่อง [Psychology, Pathological]

BibComment


ยังไม่เคยถูกคอมเมนท์

คอมเมนท์ทรัพยากรรายการนี้
  คอมเมนท์: Abnormal psychol..


 Copyright 2026. Bcnsprnw @Library